| Tag |
First Indicator |
Second Indicator |
Subfields |
| LEADER |
00000cam a2200000 a 4500 |
| 001 |
in00000073538 |
| 005 |
20151008053518.0 |
| 008 |
760916s1976 ilu b 00110 engm |
| 010 |
|
|
|a 75035107
|
| 020 |
|
|
|a 0256018030
|
| 035 |
|
|
|a (OCoLC)02428113
|
| 035 |
|
|
|9 AAH7678AM
|
| 040 |
|
|
|a DLC
|c DLC
|d MQM
|d m.c.
|d TXA
|d UtOrBLW
|
| 049 |
|
|
|a TXAM
|c [932515]
|
| 050 |
0 |
0 |
|a GN308
|b .H65
|
| 082 |
0 |
|
|a 301.2/09
|
| 096 |
|
|
|a GN 308 H75 1976
|
| 100 |
1 |
|
|a Honigmann, John J.
|q (John Joseph)
|
| 245 |
1 |
4 |
|a The development of anthropological ideas /
|c John J. Honigmann.
|
| 264 |
|
1 |
|a Homewood, Ill. :
|b Dorsey Press,
|c 1976.
|
| 300 |
|
|
|a xii, 434 pages ;
|c 24 cm.
|
| 336 |
|
|
|a text
|b txt
|2 rdacontent
|
| 337 |
|
|
|a unmediated
|b n
|2 rdamedia
|
| 338 |
|
|
|a volume
|b nc
|2 rdacarrier
|
| 490 |
1 |
|
|a The Dorsey series in anthropology
|
| 500 |
|
|
|a Includes index.
|
| 504 |
|
|
|a Bibliography: pages 405-423.
|
| 650 |
|
0 |
|a Ethnology
|x History.
|
| 650 |
|
2 |
|a Ethnology
|x history.
|
| 830 |
|
0 |
|a Dorsey series in anthropology.
|
| 999 |
|
|
|a MARS
|
| 999 |
f |
f |
|s 0a941daf-c7ae-38d1-9fa1-028804bd587c
|i f03900de-b61e-3606-a43c-db8af708fb28
|t 0
|
| 952 |
f |
f |
|p ric
|a Texas A&M University
|b Rellis Campus
|c Joint Library Facility
|d Remote Storage
|t 0
|e GN308 .H65
|h Library of Congress classification
|i unmediated -- volume
|m A14806114202
|
| 998 |
f |
f |
|a GN308 .H65
|t 0
|l Remote Storage
|